00699nam a2200229 a 4500001001300000003000900013005001700022008004100039020000900080082001500089100001400104245006700118260005800185300000900243500003500252505001000287650002400297902000800321942000700329952011600336999001700452nice12345678IN_TiNIC20260116015109.0050524s2000 dela grp 000 0 eng  ac7000a268.6bJOH aJohn, C J aVision to Missionb Fifteen Pioneer Indian Christian Educators aDelhibAll India Assot. for Christian Higher Edc2000 a144p aincludes index and biblioraphy2 aIndex aChristian-Education bSRS cBK 001040708StackRoom-aHMIbHMId2007-07-13g70.00l0o268.6 JOHp11001136r2007-07-13v70.00w2005-05-24yBK c18306d18306